| 000 | 00953cam a2200277 i 4500 | ||
|---|---|---|---|
| 001 | 200459962 | ||
| 003 | TR-AnTOB | ||
| 005 | 20241210151607.0 | ||
| 007 | ta | ||
| 008 | 240314s2000 tu a r 000 0 tur d | ||
| 040 |
_aTR-AnTOB _beng _erda _cTR-AnTOB |
||
| 041 | 0 | _atur | |
| 050 | 4 |
_aHF5230.5.I85 _bİ8546 2000 |
|
| 090 |
_aTOBBK HF 5230.5.I85 _bİ8546 2000 |
||
| 245 | 0 | 0 |
_aİskenderun iş dünyası 2000 / _cİskenderun Ticaret ve Sanayi Odası. |
| 264 | 1 |
_aHatay : _bİskenderun Ticaret ve Sanayi Odası, _c2000. |
|
| 300 |
_a220 pages : _billustrations ; _c27 cm |
||
| 336 |
_atext _btxt _2rdacontent |
||
| 337 |
_aunmediated _bn _2rdamedia |
||
| 338 |
_avolume _bnc _2rdacarrier |
||
| 651 | 7 |
_aİskenderun (Türkiye) _xTicaret _vRehberler _2etuturkob _9136002 |
|
| 651 | 7 |
_aİskenderun (Türkiye) _xİmalat _vRehberler _2etuturkob _9136002 |
|
| 710 | 2 |
_aİskenderun Ticaret ve Sanayi Odası _9131371 |
|
| 942 |
_2lcc _cBK |
||
| 999 |
_c200459962 _d78174 |
||